000 002830000a22000970004500
100 1 _aGeorge, Sherron
245 1 0 _aBrazil : An evangelized giant calling for liberating evangelism
300 _aVol. 26, Núm 3 (2002), Páginas 104-109
773 0 _tInternational Bulletin
942 _cANA
999 _c57235
_d57235